[Event "FIDE Grand Prix-I Pool-D 2022"]
[Site "Berlin"]
[Date "2022.02.09"]
[Round "5.6"]
[White "Dubov, Daniil"]
[Black "Vidit, Santosh Gujrathi"]
[Result "1/2-1/2"]
[WhiteElo "2720"]
[BlackElo "2727"]
[PlyCount "83"]
[EventDate "2022.02.04"]
[EventType "tourn"]
[EventCountry "GER"]
[SourceTitle "playchess.com"]
[Source "ChessBase"]
[SourceQuality "1"]

1. d4 d5 2. c4 e6 3. Nc3 Nf6 4. Nf3 c5 5. e3 Nc6 6. a3 dxc4 7. Bxc4 a6 8. O-O
b5 9. Ba2 Bb7 10. Qe2 cxd4 11. Rd1 b4 12. exd4 bxc3 13. d5 Nxd5 14. Rxd5 Qc7
15. Rd3 Be7 16. Rxc3 O-O (16... Bf6 17. Rc2 O-O 18. Be3 Rfd8 19. Rac1 Qd7 20.
Bb6 Rdc8 21. Rd1 Qe8 22. Rcd2 Ne7 23. Bd4 Bxd4 24. Nxd4 {1/2-1/2 (42)
Manolache,M (2514)-David,A (2428) Mamaia ROU 2021}) 17. Be3 (17. Ng5 h6 18.
Nxf7 Rxf7 19. Qxe6 Raf8 20. Bxh6 Bf6 21. Rc2 Kh7 22. Be3 Qd7 23. Qe4+ g6 24.
Bxf7 Rxf7 25. Rd2 Nd4 26. Qf4 Qc6 27. f3 g5 28. Qg3 Nf5 29. Qf2 {1-0 (61)
Bjerre,J (2586)-Ganguly,S (2627) Wijk aan Zee NED 2022}) 17... Rac8 18. Rac1
Qb8 19. Bb1 Bf6 20. Rc5 Ne7 21. b4 g6 22. Bd3 Qa8 23. h3 Nd5 24. Bh6 Rxc5 25.
Rxc5 Rc8 26. Ne5 Rxc5 27. bxc5 Qc8 28. c6 Bxc6 29. Nxc6 Qxc6 30. Bxa6 g5 31.
Bd3 Nf4 32. Qe4 Qxe4 33. Bxe4 Bd8 34. Kf1 f5 35. Bc2 Ng6 36. a4 Kf7 37. g3 Kf6
38. Ke2 e5 39. f3 Ba5 40. g4 Nf4+ 41. Kf1 fxg4 42. h4 1/2-1/2

[Event "FIDE Grand Prix-I Pool-D 2022"]
[Site "Berlin"]
[Date "2022.02.09"]
[Round "5.8"]
[White "Shirov, Alexei"]
[Black "So, Wesley"]
[Result "1/2-1/2"]
[WhiteElo "2704"]
[BlackElo "2772"]
[PlyCount "62"]
[EventDate "2022.02.04"]
[EventType "tourn"]
[EventCountry "GER"]
[SourceTitle "playchess.com"]
[Source "ChessBase"]
[SourceQuality "1"]

1. e4 e5 2. Nf3 Nc6 3. Bb5 Nf6 4. O-O Nxe4 5. d4 Nd6 6. Bxc6 dxc6 7. dxe5 Nf5
8. Qxd8+ Kxd8 9. h3 Ke8 10. Nc3 h5 11. Bf4 Bb4 12. Ne2 Be6 13. Ned4 (13. Rfd1
Bd5 14. Nfd4 Nxd4 15. Nxd4 Rd8 16. a3 (16. Nf5 Rg8 17. Bg5 Rd7 18. a3 Bf8 19.
f3 f6 20. Bf4 g5 21. Bg3 Kf7 22. exf6 Kxf6 23. Ne3 Bc5 24. Bf2 Bxe3 {1/2-1/2 
(45) Bacrot,E (2720)-Sargissian,G (2686) Tromsoe 2014}) 16... Be7 17. Nf5 Be4
18. Nxe7 Rxd1+ 19. Rxd1 Kxe7 20. c3 Bd5 21. Rd4 b5 22. a4 {1/2-1/2 (22)
Kokarev,D (2631)-Lysyj,I (2606) Sochi RUS 2021}) 13... Nxd4 14. Nxd4 Bd5 (14...
Bc5 15. Nxe6 fxe6 16. g3 Rf8 17. h4 Rd8 18. Kg2 Rf7 19. Rad1 Rfd7 20. Rxd7 Rxd7
21. Kf3 Kf7 22. c3 Rd5 23. Ke4 Be7 24. b3 Ra5 25. Ra1 Rd5 26. Be3 a5 27. Rc1 {
1/2-1/2 (69) Sutovsky,E (2635)-Ivanchuk,V (2726) Skopje 2015}) 15. a3 Be7 16.
Nf5 (16. Rfe1 g5 17. Bg3 Rh6 18. Rad1 Rg6 19. e6 fxe6 20. Bxc7 Rc8 21. Be5 Rd8
22. b3 c5 23. Nb5 a6 24. Nc3 Bc6 {½-½ (65) Vachier Lagrave,M (2784)-Aronian,
L (2781) INT 2021}) 16... Be4 17. Nxe7 Kxe7 18. Rac1 Ke6 19. f3 Bg6 20. Bg5 h4
21. Rfd1 Kf5 22. Bd2 Rad8 23. Be1 Rxd1 24. Rxd1 Ke6 25. c4 Bc2 26. Rd4 c5 27.
Rg4 Rh7 28. f4 Kf5 29. Bc3 Ke6 30. Be1 Kf5 31. Bc3 Ke6 1/2-1/2

[Event "FIDE Grand Prix-I Pool-D 2022"]
[Site "Berlin"]
[Date "2022.02.09"]
[Round "5.7"]
[White "Harikrishna, Pentala"]
[Black "Dominguez Perez, Leinier"]
[Result "0-1"]
[WhiteElo "2717"]
[BlackElo "2752"]
[PlyCount "102"]
[EventDate "2022.02.04"]
[EventType "tourn"]
[EventCountry "GER"]
[SourceTitle "playchess.com"]
[Source "ChessBase"]
[SourceQuality "1"]

1. e4 c5 2. c3 Nf6 3. e5 Nd5 4. Bc4 Nb6 5. Bb3 Nc6 6. d4 cxd4 7. cxd4 d5 8. Bc2
Nb4 9. h3 (9. Nc3 Nxc2+ (9... Bg4 10. Nge2 Bxe2 11. Qxe2 Nxc2+ 12. Qxc2 e6 13.
a4 Be7 14. f4 g6 15. a5 Nd7 16. Qb3 O-O 17. O-O f5 18. a6 b5 19. Qxb5 Rb8 20.
Qd3 Rb3 21. Rf3 Qb6 22. h3 Rb8 23. Kh2 Qc6 24. Qd1 Kh8 25. Rf2 R3b4 26. Rc2 Rc4
27. Be3 Bb4 28. Bf2 Rb6 29. Qd3 Bxc3 30. bxc3 Rxa6 31. Rca2 Rxa2 32. Rxa2 Ra4
33. Qc2 Nb6 34. Bh4 Qc4 35. Rxa4 Qxa4 36. Qf2 Kg8 37. Be7 Qd7 38. Qh4 Qe8 39.
Bc5 Na4 40. Bb4 Nb6 41. g4 a5 42. Bxa5 Nc4 43. Bb4 fxg4 44. f5 exf5 45. Qh6
Nxe5 46. dxe5 Qxe5+ 47. Kg2 Qe2+ 48. Kg1 Qd1+ 49. Kg2 Qf3+ 50. Kg1 Qg3+ 51. Kh1
Qf3+ 52. Kg1 Qg3+ 53. Kh1 Qxh3+ 54. Qxh3 gxh3 55. Kh2 Kf7 56. Kxh3 g5 57. Kg3
h5 58. Kf3 f4 59. Ke2 Ke6 60. Kd3 h4 61. c4 h3 {0-1 (61) Beerdsen,T (2482)
-Lombaers,P (2375) Belgium BEL 2020}) 10. Qxc2 e6 (10... Bg4 11. h3 Bd7 (11...
Bh5 12. e6 Qd6 13. exf7+ Bxf7 14. Nf3 Bg6 15. Qe2 e6 16. O-O a6 17. Bf4 Bd3 18.
Qe3 Nc4 19. Qxd3 Qxf4 20. Rfe1 Kd7 21. b3 Nd6 22. Na4 {1-0 (22) Vysochin,S 
(2494)-Fedak,I (1823) Omelnyk UKR 2021}) 12. Nge2 e6 13. Qd3 Rc8 14. O-O Qh4
15. a4 a5 16. b3 Be7 17. Bd2 O-O 18. Nb5 Qe4 19. Qxe4 dxe4 20. Ng3 Nd5 21. Nxe4
Bxb5 22. axb5 b6 23. Rfc1 h6 24. Rc4 Rcd8 25. Rc6 Rd7 26. Nc3 Rb8 27. Na4 Bd8
28. Rac1 Kf8 29. Nb2 Nc7 30. Rd6 Ke8 31. Nc4 Nxb5 32. Rxd7 Kxd7 33. Be3 Bc7 34.
Kf1 Na7 35. Ke2 Nc6 36. Kd3 Nb4+ 37. Ke4 b5 38. Nb2 f5+ 39. exf6 gxf6 40. g4 h5
41. Bd2 hxg4 42. hxg4 Nd5 43. Nd3 Bb6 44. Rh1 a4 45. b4 a3 46. Ra1 Ra8 47. Ra2
Bc7 48. Nc5+ Ke7 49. Kd3 Bd6 50. Kc2 e5 51. dxe5 fxe5 52. Kb3 Bxc5 53. bxc5 b4
54. Rc2 Ke6 55. f3 Rc8 56. Rc4 Rb8 57. Rc2 Rc8 58. Rc4 Rb8 59. Rc2 Rc8 {
1/2-1/2 (59) Mamedov,R (2654)-Grischuk,A (2777) chess24.com INT 2020}) 11. Nf3
Be7 12. h4 h6 13. a4 Bd7 14. a5 Nc4 15. a6 bxa6 16. O-O Bb5 17. Nxb5 axb5 18.
b3 Nb6 19. Qd3 b4 20. Bd2 O-O 21. Ra6 Qc7 22. Rfa1 Rfc8 23. g4 Nd7 24. g5 Nb8
25. R6a2 hxg5 26. hxg5 g6 27. Nh2 a5 28. Qh3 a4 29. Ng4 Nd7 30. Kg2 {1-0 (30)
Mamedov,R (2673)-Volokitin,A (2656) Riga LAT 2021}) 9... Nxc2+ 10. Qxc2 Bd7 11.
Nc3 Qc8 12. Qd3 Bf5 13. Qg3 e6 14. Nge2 Qc4 15. Be3 Rc8 16. O-O h5 17. Rac1 h4
18. Qf3 Qc6 19. Bg5 Qd7 20. Nf4 Nc4 21. Qe2 Bb4 22. a3 Ba5 23. a4 $6 a6 24.
Rfd1 $6 Bd8 25. Bxd8 Qxd8 26. Nd3 Qb6 27. Nc5 $2 Qxb2 28. Qf3 Bc2 29. Re1 b6
30. Nxa6 Nd2 31. Qe3 Qxc3 32. Qxc3 Rxc3 33. Nb4 Kd7 34. Rxc2 Rxc2 35. Nxc2 Rc8
36. Ne3 Ra8 37. Ra1 Nb3 38. Rb1 Nxd4 39. Rxb6 Nc6 40. Ng4 Rxa4 41. Rb7+ Ke8 42.
Rc7 Ne7 43. Kf1 Ng6 44. Rc8+ Kd7 45. Rg8 Nf4 46. Kg1 d4 47. Rb8 d3 48. Ne3 d2
49. Rb1 Ne2+ 50. Kh2 Nc3 51. Rb3 Re4 0-1

[Event "FIDE Grand Prix-I Pool-A 2022"]
[Site "Berlin"]
[Date "2022.02.10"]
[Round "6.1"]
[White "Grischuk, Alexander"]
[Black "Bacrot, Etienne"]
[Result "1-0"]
[WhiteElo "2764"]
[BlackElo "2642"]
[PlyCount "146"]
[EventDate "2022.02.04"]
[EventType "tourn"]
[EventCountry "GER"]
[SourceTitle "playchess.com"]
[Source "ChessBase"]
[SourceQuality "1"]

1. e4 c5 2. Nf3 d6 3. d4 cxd4 4. Nxd4 Nf6 5. Nc3 Nc6 6. Bg5 e6 7. Qd2 a6 8.
O-O-O Bd7 9. f3 Nxd4 10. Qxd4 Be7 11. Kb1 Qc7 12. g4 h5 13. gxh5 Nxh5 14. Bxe7
Kxe7 15. Rg1 Qc5 {Après 31 minutes. 1h24-0h58} (15... b5 16. Rg5 Rab8 17. e5
dxe5 18. Qb4+ Ke8 19. Ne4 a5 20. Nd6+ Kf8 21. Qh4 Qd8 22. f4 Kg8 23. Be2 Be8
24. Nxe8 Qxe8 25. Rxh5 Rxh5 26. Bxh5 {1-0 (26) Alekseenko,K (2693)-Santos
Latasa,J (2627) Struga MKD 2021}) (15... g6 16. Qd2 Nf6 17. f4 Rh5 18. Rg5 Rah8
19. e5 Ne8 20. Ne4 d5 21. Rxh5 Rxh5 22. Qb4+ Kd8 23. Ng5 Bc6 {0-1 (48) Giri,A 
(2776)-Vachier Lagrave,M (2758) INT 2021}) 16. Qd2 Bc6 17. Bc4 $5 Rad8 (17...
Qxc4 18. Qxd6+ Ke8 19. Rd4) 18. Bb3 g6 19. f4 Nf6 20. Rg5 $2 (20. Rge1 $1)
20... Qb6 $6 (20... Nxe4 $1 21. Nxe4 Bxe4 22. Rxc5 dxc5 23. Qe1 Rxd1+ 24. Qxd1
Rxh2) 21. Re1 Rh7 $2 22. Nd5+ $1 exd5 23. exd5+ Kf8 24. dxc6 Qxc6 25. Qd4 (25.
f5 $1) 25... Re8 26. Rgg1 $6 (26. Rd1 $1) 26... Rxe1+ 27. Rxe1 d5 28. a3 Rxh2
29. f5 gxf5 30. Qf4 Rg2 31. Qxf5 Kg7 32. Rh1 Qc5 33. Ka2 Rg1 34. Rh3 Rg6 35.
Qe5 Qc8 36. Rh1 b5 37. c3 Qe6 38. Qh2 $1 Kf8 39. Qb8+ Ne8 40. Qd8 $6 (40. Rh8+
Rg8 41. Rh5 $18) 40... Kg7 $6 41. Bxd5 Qe5 42. Bb3 Qe4 43. Qd1 Nd6 44. Qh5 Kf8
45. Bd5 Qf4 46. Qh8+ Rg8 47. Qh3 Qd2 48. Qh5 Rg5 49. Qh6+ Ke7 50. Bf3 Qe3 51.
Qh4 Kd7 52. Re1 Qc5 53. Qh3+ Qf5 54. Qh1 Qc5 55. Rd1 Kc7 56. Rd4 Qe5 57. Bd5
Rh5 58. Qf3 Rf5 59. Qg2 a5 60. Bb3 a4 61. Bd5 Qe1 62. Ba8 Qe6+ 63. Bd5 Qe1 64.
Bf3 Qe3 65. Bg4 Rf4 66. Rd1 Qe4 67. Qd2 Qe5 68. Bh3 Rh4 69. Bg2 Qc5 70. Qe1
Qc4+ 71. Ka1 Kd7 72. Bf1 Qe4 73. Qd2 Qf4 1-0

[Event "FIDE Grand Prix-I Pool-A 2022"]
[Site "Berlin"]
[Date "2022.02.10"]
[Round "6.2"]
[White "Esipenko, Andrey"]
[Black "Nakamura, Hikaru"]
[Result "1/2-1/2"]
[WhiteElo "2714"]
[BlackElo "2736"]
[PlyCount "115"]
[EventDate "2022.02.04"]
[EventType "tourn"]
[EventCountry "GER"]
[SourceTitle "playchess.com"]
[Source "ChessBase"]
[SourceQuality "1"]

1. e4 e5 2. Nf3 Nc6 3. Bc4 Bc5 4. d3 Nf6 5. a4 a6 6. O-O d6 7. a5 Ba7 8. c3 O-O
9. h3 h6 10. Be3 Re8 11. Qb3 (11. Nbd2 Be6 12. Bxe6 Rxe6 13. Bxa7 Rxa7 14. d4
exd4 15. cxd4 Re8 16. Re1 b6 17. axb6 cxb6 18. d5 Ne5 19. Nd4 Ra8 20. Qb3 b5
21. f4 Qb6 22. Qe3 Nc4 23. Nxc4 bxc4 24. Nf5 Qxe3+ 25. Rxe3 Rxe4 26. Rxe4 Nxe4
{½- (81) ½ (81) Alekseenko,K (2696)-Ozen,B (2369) INT 2020}) 11... Qe7 12.
Nbd2 Rb8 13. Bxa7 Nxa7 14. d4 Nc6 15. Rfe1 (15. d5 Na7 16. Bxa6 Bxh3 17. Bxb7)
15... Bd7 16. d5 Na7 17. Bf1 Nh7 18. c4 Ng5 19. Qe3 Nxf3+ 20. Nxf3 Nc8 21. b4
f5 22. Bd3 Qf6 23. exf5 Bxf5 24. Bxf5 Qxf5 25. Nd4 Qf7 26. f4 c6 $6 (26... Nb6
$3 27. axb6 exd4 28. Qxd4 $11) 27. fxe5 cxd5 $6 28. e6 Qg6 29. Rf1 $6 Ne7 30.
Rf7 $6 (30. cxd5 Nxd5 31. Qf3 Nxb4 32. Rab1 Nc6 33. Nxc6 bxc6 34. Rxb8 Rxb8 35.
e7 Qe8 36. Qe4 $18) 30... dxc4 31. Raf1 Kh8 $5 32. R1f3 Nc6 33. Nxc6 bxc6 34.
e7 Kh7 35. Qf4 Rg8 36. Rg3 Qe6 37. Re3 Qg6 38. Rf8 Re8 39. Rxg8 Kxg8 40. Qxc4+
Qf7 41. Qxa6 Rxe7 42. Rxe7 Qxe7 43. Qxc6 Qe1+ 44. Kh2 Qxb4 45. Qd5+ Kh8 46. Qa2
Qf4+ 47. g3 Qd4 48. a6 Qa7 49. h4 d5 50. Qe2 Qd4 51. Qa2 Qa7 52. Kg2 d4 53. Qe2
Qd7 54. Qe4 d3 55. Qb7 Qd8 56. a7 d2 57. a8=Q d1=Q 58. Qxd8+ 1/2-1/2

[Event "FIDE Grand Prix-I Pool-D 2022"]
[Site "Berlin"]
[Date "2022.02.10"]
[Round "6.7"]
[White "Dominguez Perez, Leinier"]
[Black "Shirov, Alexei"]
[Result "1-0"]
[WhiteElo "2752"]
[BlackElo "2704"]
[PlyCount "65"]
[EventDate "2022.02.04"]
[EventType "tourn"]
[EventCountry "GER"]
[SourceTitle "playchess.com"]
[Source "ChessBase"]
[SourceQuality "1"]

1. e4 e5 2. Nf3 Nc6 3. Bc4 Nf6 4. d3 h6 5. O-O d6 6. c3 g5 7. Nbd2 Bg7 8. Bb3
g4 9. Ne1 h5 10. f4 exf4 11. Rxf4 d5 12. Rf1 (12. exd5 Nxd5 13. Rf1 f5 14. Nc4
O-O 15. d4 f4 16. Ne5 Nxe5 17. dxe5 Be6 18. Nd3 f3 19. gxf3 c6 20. Nc5 Bf5 {
1/2-1/2 (44) Burke,J (2538)-Yoo,C (2479) Saint Louis USA 2021}) 12... Be6 13.
d4 dxe4 14. Qe2 Qd7 15. Nxe4 Nxe4 16. Qxe4 O-O-O 17. Nc2 Bxb3 18. axb3 Rde8 19.
Qf5 Qxf5 20. Rxf5 f6 21. Bf4 Re2 22. Ne3 Rxb2 23. b4 b6 24. Nd5 h4 25. Re1 h3
26. gxh3 Rxh3 27. Bg3 a5 28. bxa5 bxa5 29. Ne7+ Nxe7 30. Rxe7 Bh6 31. Rxc7+ Kb8
32. Re7+ Rxg3+ 33. hxg3 1-0

[Event "FIDE Grand Prix-I Pool-B-TB 2022"]
[Site "Berlin"]
[Date "2022.02.11"]
[Round "1.1"]
[White "Wojtaszek, Radoslaw"]
[Black "Rapport, Richard"]
[Result "0-1"]
[WhiteElo "2686"]
[BlackElo "2763"]
[PlyCount "92"]
[EventDate "2022.02.04"]
[EventType "match"]
[EventCountry "GER"]
[SourceTitle "playchess.com"]
[Source "ChessBase"]
[SourceQuality "1"]

1. d4 d6 2. Nf3 Nf6 3. c4 g6 4. g3 Bg7 5. Bg2 O-O 6. O-O c6 7. Nc3 Qb6 8. h3
Qa6 9. b3 b5 10. Nd2 bxc4 11. Nxc4 Bb7 12. Bb2 Nbd7 13. e4 Rfd8 14. Qc2 d5 15.
Ne5 dxe4 16. Nxe4 Nxe4 17. Bxe4 Rac8 18. Rfd1 (18. Rac1 Nxe5 19. dxe5 c5 20.
Bxb7 Qxb7 21. Rfe1 e6 22. Qe2 Rd5 23. Rc4 Rcd8 24. Bc3 h5 25. Qe4 R8d7 26. Kg2
Qb6 27. h4 Bh6 28. Re2 Bf8 29. Re3 Qd8 30. Ra4 Bg7 31. Rc4 Bf8 32. Ra4 Rd1 33.
Rc4 {1/2-1/2 (33) Papin,V (2548)-Lopez Martinez,J (2593) Moscow 2010}) 18... c5
$1 19. Bxb7 Qxb7 20. Nxd7 Rxd7 21. Rac1 $5 Qf3 (21... Bh6 $1 22. f4 Bg7) 22.
Ba1 h5 23. Qd3 Qxd3 24. Rxd3 h4 25. gxh4 Rd5 26. b4 c4 27. Ra3 Bxd4 $5 (27...
Rc7 28. Ra5 Rxa5 29. bxa5) 28. Bxd4 Rxd4 29. Rxa7 c3 30. Rxe7 c2 31. Kf1 Rxb4
32. Ke2 Rxh4 33. Re3 Ra4 34. a3 Kg7 35. Kd2 Rf4 36. f3 $5 Rfc4 37. Rb3 R4c5 38.
a4 Kh6 39. Ra3 Kg5 40. Ra2 $2 (40. a5 Kf4 41. a6) 40... Rd5+ $1 41. Ke3 Re8+
42. Kf2 Rd2+ 43. Kg3 Ree2 44. f4+ Kf5 $6 (44... Kh5 $1 $19) 45. Rb2 $2 (45. Kf3
$1) 45... Rd3+ 46. Kh4 g5+ (46... g5+ 47. fxg5 Re4+ 48. Kh5 Rxh3#) 0-1

[Event "FIDE Grand Prix-I Pool-D-TB 2022"]
[Site "Berlin"]
[Date "2022.02.11"]
[Round "1.1"]
[White "So, Wesley"]
[Black "Dominguez Perez, Leinier"]
[Result "1/2-1/2"]
[WhiteElo "2772"]
[BlackElo "2752"]
[PlyCount "83"]
[EventDate "2022.02.04"]
[EventType "match"]
[EventCountry "GER"]
[SourceTitle "playchess.com"]
[Source "ChessBase"]
[SourceQuality "1"]

1. d4 d5 2. c4 dxc4 3. Nf3 Nf6 4. e3 e6 5. Bxc4 a6 6. O-O c5 7. dxc5 Bxc5 8.
Qxd8+ Kxd8 9. Rd1+ Ke7 10. Be2 Rd8 11. Rxd8 Kxd8 12. Nc3 (12. a3 Nbd7 13. Nbd2
b6 14. b4 Bf8 15. Nc4 Bb7 16. Bb2 b5 17. Nce5 Ke8 18. Rc1 Rc8 19. Rxc8+ Bxc8
20. Nxd7 Nxd7 21. Ne5 Nxe5 22. Bxe5 Bb7 23. f3 f6 24. Bc3 e5 25. Bd3 h6 26. Kf2
Bd6 27. e4 Ke7 28. Bc2 Bc8 29. Bb3 Be6 30. Bxe6 Kxe6 {1/2-1/2 (30) Petkov,V 
(2496)-Sengupta,D (2527) Vaujany 2010}) 12... Nbd7 13. Nd4 Ke8 14. Nb3 Be7 15.
e4 b6 16. Be3 Bb7 17. f3 Rc8 18. Kf2 Nc5 19. Nxc5 Bxc5 20. Bxc5 Rxc5 21. Na4
Rc6 22. b4 Nd7 23. Ke1 Ke7 24. Kd2 Rd6+ 25. Ke3 Rc6 26. Rd1 Rc2 27. Rd2 Rxd2
28. Kxd2 Kd6 29. Ke3 e5 30. g3 f6 31. h4 b5 32. Nc3 Nb8 33. f4 Nc6 34. a3 Nd4
35. Bd3 Bc6 36. g4 h6 37. f5 Be8 38. Ne2 Nxe2 39. Bxe2 Bc6 40. Kf3 Be8 41. Kg3
Ke7 42. Bd3 1/2-1/2

[Event "FIDE Grand Prix-I Pool-B-TB 2022"]
[Site "Berlin"]
[Date "2022.02.11"]
[Round "1.2"]
[White "Rapport, Richard"]
[Black "Wojtaszek, Radoslaw"]
[Result "1/2-1/2"]
[WhiteElo "2763"]
[BlackElo "2686"]
[PlyCount "87"]
[EventDate "2022.02.04"]
[EventType "match"]
[EventCountry "GER"]
[SourceTitle "playchess.com"]
[Source "ChessBase"]
[SourceQuality "1"]

1. e4 c5 2. Nf3 d6 3. Bb5+ Nd7 4. d4 cxd4 5. Qxd4 a6 6. Bxd7+ Bxd7 7. c4 Nf6 8.
Bg5 e6 9. Nc3 h6 10. Bh4 Be7 11. e5 dxe5 12. Nxe5 Qc7 13. Nxd7 Qxd7 14. Qxd7+
Kxd7 (14... Nxd7 15. Bxe7 Kxe7 16. O-O-O Rac8 17. Rd4 Rhd8 18. Re1 g5 19. Kc2
f5 20. b3 Nb8 21. Red1 Rxd4 22. Rxd4 Nc6 23. Rd1 h5 24. a3 h4 25. h3 Ne5 26.
Re1 Kf6 27. Ne2 b5 28. f4 Ng6 29. fxg5+ Kxg5 30. Nd4 e5 31. Nf3+ Kf4 32. Kc3 a5
33. Rd1 bxc4 34. bxc4 e4 35. Nd4 Ne5 36. Rf1+ Ke3 37. Re1+ Kf2 38. Re2+ Kf1 39.
Kd2 Nxc4+ 40. Kc3 Ne5+ 41. Kd2 Nc4+ 42. Kc3 Nxa3+ 43. Kb3 Rd8 44. Rd2 e3 45.
Rd1+ Kf2 {0-1 (45) Sedina,E (2294)-Pelletier,Y (2581) Flims SUI 2021}) 15.
O-O-O+ Kc6 16. Kc2 b5 17. Rhe1 Rhd8 18. Nd5 $5 Bc5 (18... exd5 19. Rxe7 bxc4
20. Bxf6 gxf6 21. b3 $11) 19. Nxf6 gxf6 20. Rxd8 Rxd8 21. cxb5+ axb5 22. Re4
Rd5 23. a4 f5 24. axb5+ Kxb5 25. Re2 e5 26. f3 Bg1 27. g4 f4 28. Bf2 $5 Bxh2
29. Rd2 Rxd2+ 30. Kxd2 Bg3 31. Ba7 Kc4 32. Bb6 Bh4 33. Bc7 f6 34. Bd6 Bg5 35.
b4 Kd5 36. Bc7 Kc4 37. Bd6 e4 38. fxe4 f3+ 39. Ke1 Be3 40. Bc5 f2+ 41. Kf1 Bxc5
42. bxc5 Kxc5 43. Kxf2 Kd4 44. Kf3 1/2-1/2

[Event "FIDE Grand Prix-I Pool-D-TB 2022"]
[Site "Berlin"]
[Date "2022.02.11"]
[Round "1.2"]
[White "Dominguez Perez, Leinier"]
[Black "So, Wesley"]
[Result "1-0"]
[WhiteElo "2752"]
[BlackElo "2772"]
[PlyCount "67"]
[EventDate "2022.02.04"]
[EventType "match"]
[EventCountry "GER"]
[SourceTitle "playchess.com"]
[Source "ChessBase"]
[SourceQuality "1"]

1. e4 e5 2. Nf3 Nc6 3. Bc4 Nf6 4. d3 Bc5 5. O-O O-O 6. h3 d6 7. c3 a5 8. Re1
Be6 9. Bb5 Ba7 10. Nbd2 Ne7 11. d4 Ng6 12. Ba4 Nh5 13. Nf1 Nhf4 14. Ng3 c6 (
14... exd4 15. Nxd4 Bxd4 16. cxd4 d5 17. Qf3 Qf6 18. Bd1 Qh4 19. Bd2 c6 20. Rc1
f5 21. exf5 Bxf5 22. Nxf5 Rxf5 23. Qg3 Qxg3 24. fxg3 Nd3 25. Bc2 Rf2 26. Bxd3
Rxd2 27. Bxg6 hxg6 28. Re7 Rxb2 29. Rce1 Rf8 30. Rd7 Rff2 31. Ree7 Rxg2+ 32.
Kf1 Kh7 33. h4 Kh6 34. Re5 Rbf2+ 35. Ke1 Rxa2 36. Kf1 Rh2 37. Kg1 Rag2+ 38. Kf1
Rb2 39. Kg1 Rhd2 {0-1 (39) Dominguez Perez,L (2752)-So,W (2772) Berlin GER 2022
}) 15. Bc2 Qd7 16. Nf5 f6 17. Be3 Kh8 $6 18. dxe5 fxe5 19. Ng5 d5 20. Nxe6 (20.
g3 dxe4 21. Qxd7 Bxd7 22. Nd6 Bxe3 23. Rxe3 Nxh3+ 24. Nxh3 Bxh3 25. Bxe4) 20...
Qxe6 21. Bxa7 Rxa7 22. Qg4 Qf6 23. Rad1 h5 24. Qf3 Qg5 25. Qg3 Qf6 26. Kh2 Raa8
27. Qf3 Nh4 28. Nxh4 Qxh4 29. exd5 Nxg2 30. Qd3 e4 31. Rxe4 Qxf2 32. Kh1 Nh4
33. Rxh4 g6 34. Rxh5+ 1-0

[Event "FIDE Grand Prix-I KO 2022"]
[Site "Berlin"]
[Date "2022.02.12"]
[Round "1.1"]
[White "Nakamura, Hikaru"]
[Black "Rapport, Richard"]
[Result "1-0"]
[WhiteElo "2736"]
[BlackElo "2763"]
[PlyCount "141"]
[EventDate "2022.02.12"]
[EventType "k.o."]
[EventCountry "GER"]
[SourceTitle "playchess.com"]
[Source "ChessBase"]
[SourceQuality "1"]

1. d4 Nf6 2. c4 e6 3. Nc3 d5 4. cxd5 exd5 5. Bg5 c6 6. Qc2 Be7 7. e3 Nbd7 8.
Bd3 Nh5 9. Bxe7 Qxe7 10. O-O-O Nb6 11. h3 g6 12. Nf3 Ng7 13. g4 Be6 14. Ne2
O-O-O 15. Kb1 $5 (15. Nf4 Kb8 16. Be2 Ne8 (16... Nc8 17. Nd2 Nd6 18. h4 Bc8 19.
Nb3 Ne4 20. Bf3 f5 {1/2-1/2 (20) Komliakov,V (2460)-Bratchenko,A (2390)
Cherepovets 1997}) (16... Bc8 17. Ne5 g5 18. Ng2 f6 19. Nd3 h5 20. gxh5 Nxh5
21. h4 Ng7 22. hxg5 fxg5 23. Ne5 Bf5 24. Bd3 {1/2-1/2 (24) Malaniuk,V (2520)
-Savon,V (2430) Baku 1988}) 17. Nd2 Nd6 18. h4 Bc8 19. Nb3 Ne4 20. Bf3 f5 {
1/2-1/2 (20) Kasparov,G (2760)-Smyslov,V (2550) Moscow 1988}) 15... Kb8 16. Rc1
Ne8 17. Nf4 Nd6 18. a4 Ndc4 19. a5 Qb4 20. Qc3 Qxa5 21. Qxa5 Nxa5 22. Ng5 Rdf8
23. Bxg6 $5 Nb3 (23... hxg6 24. Ngxe6 Rfg8 (24... fxe6 $2 25. Nxg6) 25. Nc5)
24. Nfxe6 $5 fxe6 25. Nxh7 Rfg8 26. Bd3 Nxc1 27. Kxc1 Rg7 28. Nf6 Rf7 $6 (28...
Rh6 $1 29. Nh5 Rg8 $11) 29. g5 Rxf6 30. gxf6 Rf8 31. h4 Rxf6 32. h5 Rh6 33. Kd2
Kc7 34. Ke2 Kd6 35. Kf3 Ke7 36. Kg4 Kf6 37. Rh3 Nc8 38. Rf3+ Kg7 39. Bg6 Nd6
40. Kg5 a5 41. Rf4 Ne4+ 42. Bxe4 dxe4 43. Rxe4 Rf6 44. f4 Rf5+ 45. Kg4 Rb5 46.
Rxe6 a4 47. Re7+ Kh6 48. Re8 Rxb2 49. Rh8+ Kg7 50. Ra8 b5 51. e4 Ra2 52. Ra7+
Kh6 53. Ra6 Kh7 54. Ra7+ Kh6 55. Ra6 Kh7 56. e5 b4 57. e6 b3 58. Kf5 Ra1 59.
Rb6 $1 (59. e7 Re1 60. Rxa4 Rxe7 61. Rb4 Re3) 59... Re1 60. Kf6 Re4 61. e7 $5 (
61. f5 $1) 61... Rxf4+ 62. Ke5 Rf1 63. Kd6 Re1 64. Kd7 c5 $5 65. dxc5 (65. d5
$1) 65... Rd1+ 66. Kc7 Re1 67. Kd6 Rd1+ 68. Kc6 Re1 69. Rb4 $5 b2 70. Rxb2 Rxe7
71. Ra2 1-0

[Event "FIDE Grand Prix-I KO 2022"]
[Site "Berlin"]
[Date "2022.02.12"]
[Round "1.1"]
[White "Aronian, Levon"]
[Black "Dominguez Perez, Leinier"]
[Result "1-0"]
[WhiteElo "2772"]
[BlackElo "2752"]
[PlyCount "81"]
[EventDate "2022.02.12"]
[EventType "k.o."]
[EventCountry "GER"]
[SourceTitle "playchess.com"]
[Source "ChessBase"]
[SourceQuality "1"]

1. d4 d5 2. c4 dxc4 3. e4 b5 4. a4 c6 5. axb5 cxb5 6. Nc3 Qb6 7. Nd5 Qb7 8. Bf4
e5 9. Bxe5 Nd7 10. Bf4 Ngf6 11. Nc7+ Kd8 12. Nxa8 Qxe4+ 13. Ne2 Qxa8 14. f3 (
14. Nc3 Bb4 15. f3 Re8+ 16. Be2 a5 17. O-O Qc6 18. Re1 Bxc3 19. bxc3 Nd5 20.
Qd2 b4 21. Rxa5 Nxc3 22. Bf1 Rxe1 23. Qxe1 Qb6 {1/2-1/2 (71) Fodor,B (2120)
-Dev,S (2243) Budapest HUN 2021}) 14... Nd5 15. Bg5+ $5 (15. Kf2 N7b6 16. g3
Bb7 17. Bh3 Nb4 18. Ra3 N6d5 19. Re1 Be7 20. Qd2 Re8 21. Kg1 a5 22. Bf5 g6 23.
Be4 a4 24. Nc3 Nxc3 25. Rxc3 f5 26. Bxb7 Qxb7 27. Rce3 Nd3 28. R1e2 Kd7 29. Qd1
Qd5 30. Kf1 Qxd4 31. Rd2 Kc6 32. Qe2 Bc5 33. Kg2 Nxf4+ 34. gxf4 Qxe3 {0-1 (34)
Suder,J (2349)-Dev,S (2243) Krakow POL 2021}) (15. Bd2 Bd6 16. Nc3 b4 17. Ne4
Re8 18. Be2 Bb8 19. O-O N7b6 20. Ra5 h6 21. Re1 f5 22. Nc5 Qc6 23. Bf1 c3 24.
Rxe8+ Qxe8 25. bxc3 bxc3 26. Bc1 Qh5 27. g3 f4 28. g4 Qg6 29. Bd3 Qd6 30. Be4
Ne3 31. Qd3 Nbc4 32. Rb5 Ba6 33. Nb7+ Bxb7 34. Rxb7 Bc7 35. Qxc3 Bb6 36. Qa3
Nxa3 {0-1 (36) Guseva,M (2372)-Dev,S (2248) INT 2022}) 15... f6 16. Bd2 Bd6 17.
Ng3 Qb8 18. Kf2 Re8 19. Be2 Bc7 20. Re1 Bb6 21. Kg1 $1 (21. Bc3 b4) (21. Ba5
Qf4) 21... Ne5 $6 (21... Qe5 22. Kh1 Qxd4 23. Nf5) 22. Kh1 $1 Nc6 23. b3 $1 c3
24. Bxb5 Bd7 25. Rxe8+ Bxe8 26. Be1 $5 (26. Bxc6 $1 Bxc6 27. Bxc3 $1 Nxc3 28.
Qc2 Bxd4 29. Qd3 Qd6 30. Nf5 $18) 26... Nxd4 27. Bxe8 c2 28. Qd3 $1 Kxe8 29.
Bd2 $6 (29. Ne2 $1 Qe5 (29... Nxe2 30. Qxe2+ $18) 30. Nxd4 Bxd4 31. Rc1 $18)
29... Qe5 $1 30. Rc1 f5 31. Qc4 Ne3 $4 (31... f4 $1 32. Ne4 Ne3) 32. Qc8+ Kf7
33. Qd7+ Kf8 34. f4 $1 Qe6 35. Qxe6 Nxe6 36. Ne2 (36. Bxe3 Bxe3 37. Rxc2 Bxf4
38. Nxf5) 36... Ng4 37. g3 Nc5 38. b4 Nd3 39. Rxc2 Ngf2+ 40. Kg2 Ne4 41. Nc1
1-0